Movies Quiz

Random Movies or Year Quiz
Score 0/100 Timer 19:00
10 Plays Today
Hint Answer % Correct
2014Tom Cruise
95.2%
2013Tom Hanks
94.1%
1996Will Smith
94%
2003Johnny Depp
93.8%
2016Matt Damon
92.9%
2015Leonardo DiCaprio
92.6%
2011Meryl Streep
90.6%
1994Jim Carrey
90.5%
1981Harrison Ford
89.6%
1984Eddie Murphy
89.5%
2012Denzel Washington
88.6%
1995Brad Pitt
88.4%
1992Morgan Freeman
88.3%
2005Jack Black
88.2%
1990Julia Roberts
88%
1953Marilyn Monroe
87.3%
1980Jack Nicholson
86.8%
2009Hugh Jackman
86.3%
1985Michael J. Fox
86.1%
1993Bill Murray
85.8%
1987Mel Gibson
85.5%
2010Natalie Portman
85.1%
1925Charles Chaplin
84.9%
2000Russell Crowe
84.4%
2006Halle Berry
84.4%
2001Anthony Hopkins
83.1%
1988Dustin Hoffman
83%
1972Marlon Brando
81.9%
1991Jodie Foster
81.7%
1999Kevin Spacey
81.4%
2017Emma Watson
81.2%
1976Robert De Niro
80.6%
1955James Dean
80.3%
1970Clint Eastwood
79.2%
Hint Answer % Correct
1997Kate Winslet
78.9%
1965Julie Andrews
78.4%
1978Christopher Reeve
78.4%
1983Jamie Lee Curtis
77.4%
2008Christian Bale
77.1%
1960Elizabeth Taylor
76.8%
1974Al Pacino
76.3%
1989Kevin Costner
75.9%
2018Chris Pratt
74.8%
2019Scarlett Johansson
72.9%
1982Ben Kingsley
72.7%
1979Sigourney Weaver
72.7%
1966Sean Connery
71.8%
2004Hilary Swank
70.8%
2002Cate Blanchett
70.7%
1986Kurt Russell
70.2%
1973Robert Redford
70.2%
1969Paul Newman
69.6%
1947Humphrey Bogart
69.5%
1998Edward Norton
68.7%
1930Groucho Marx
68.1%
1937Katharine Hepburn
67.2%
1939Clark Gable
66.9%
1951John Wayne
66.5%
1975Michael Caine
66.3%
1962Gregory Peck
66.2%
1958James Stewart
65.1%
1935Fred Astaire
64.9%
1954Kirk Douglas
63.9%
1971Gene Hackman
62.2%
2007Daniel Day-Lewis
61.8%
1959Charlton Heston
59.7%
1950Cary Grant
59.3%
1963Steve McQueen
58.9%
Hint Answer % Correct
1977Alec Guinness
58.1%
1956Grace Kelly
57.4%
1942Bette Davis
57.4%
1957Henry Fonda
57.1%
1928Oliver Hardy
55.4%
1938Errol Flynn
54.6%
1968Mia Farrow
54.5%
1944Bing Crosby
54.2%
1961Natalie Wood
52%
1964Peter Sellers
50.8%
1943Mickey Rooney
50.4%
1929Stan Laurel
50%
1921Buster Keaton
47.2%
1948Vivien Leigh
45.3%
1941Orson Welles
44.7%
1936Spencer Tracy
44%
1946Ingrid Bergman
42.1%
1945Joan Crawford
41.9%
1949Burt Lancaster
37.2%
1934Ginger Rogers
36.5%
1967Anne Bancroft
35.5%
1932Greta Garbo
35.3%
1952Laurence Olivier
33.3%
1924Rudolph Valentino
27.1%
1933Gary Cooper
27.1%
1923Harold Lloyd
21.7%
1922Douglas Fairbanks
21.3%
1926John Barrymore
19.9%
1940Joan Fontaine
16.4%
1920Lillian Gish
15.1%
1931William Powell
15%
1927Brigitte Helm
4.9%
Remove Ads.
Support Sporcle.
Get the best of Sporcle when you Go Orange. This ad-free experience offers more features, more stats, and more fun while also helping to support Sporcle. Thank you for becoming a member.

You're not logged in!

Compare scores with friends on all Sporcle quizzes.
OR
Log In

Sporcle TV

Today on Sporcle TV


Watch our educational content, quiz creation guides, and fun videos on Sporcle TV.

Show Comments

Extras

Top Quizzes Today


Score Distribution

Paid Content

Your Account Isn't Verified!

In order to create a playlist on Sporcle, you need to verify the email address you used during registration. Go to your Sporcle Settings to finish the process.

Report this User

Report this user for behavior that violates our Community Guidelines.

Details: